| 000 | 01422nkm a2200301 i 4500 | ||
|---|---|---|---|
| 001 | 4127 | ||
| 003 | ES-MaACL | ||
| 005 | 20250825222432.0 | ||
| 007 | khrbo | ||
| 008 | 070628s1987 sp --- g |001||spa d | ||
| 100 | 0 |
_aAlfonso, _d1902-1990 _919858 |
|
| 245 | 1 | 0 |
_aHomenaje al 42 aniversario de la ONU [ _hFotografía] / _cAlfonso (sello). |
| 260 |
_a[S.l. : _bs.n.], _c1987. |
||
| 300 |
_a2 fot. : _bb. y n. ; _c12 x 18 cm. |
||
| 500 | _aDatos basados en invitación. | ||
| 500 | _aProyección de la película "Porque" y posterior conferencia-coloquio. | ||
| 511 | 0 | _aInterviene: José Rodríguez Elizondo; modera: José Prat. | |
| 518 | _aActo organizado por el Ateneo de Madrid en colaboración con la Agrupación de Estudios Internacionales y el Centro de Información de las Naciones Unidas para España, celebrado en el salón de actos el viernes, 23 de octubre de 1987, a las 19:30 h. | ||
| 600 | 1 | 4 |
_aPrat, José, _d1905-1994 _993665 |
| 600 | 1 | 4 |
_aRodríguez-Elizondo, José _998505 |
| 610 | 2 | 4 |
_aAteneo de Madrid- _xActos culturales- _y1987- _vFotografías. _91902 |
| 710 | 2 |
_aAgrupación de Estudios Internacionales. _91286 |
|
| 710 | 2 |
_aAteneo de Madrid. _91875 |
|
| 710 | 2 |
_aCentro de Información de las Naciones Unidas (España) _92694 |
|
| 852 |
_aES-MaACL _jFOT 192/1987 |
||
| 856 | 4 |
_uhttp://www.ateneodemadrid.net/biblioteca_digital/imagenes/1987/0192-1987.jpg _zVer imagen |
|
| 999 |
_c4127 _d4127 |
||